Evropské křižovatky. 2.

Vývoj komplexného systému sociálneho zabezpečenia v sociálnom trhovom hospodárstve, kde o.i. patrí aj regulácia a inštitúcie trhu práce. Systémovo konformná hospodárska politika. Pravidlá v politickom systéme sociálneho trhového hospodárstva. Sociálne trhové hospodárstvo ako "otvorený" systém. Časov...

Descrizione completa

Salvato in:
Dettagli Bibliografici
Autore principale: Dráb, Z.
Natura: Capitolo di libro
Lingua:ceco
Soggetti:
Tags: Aggiungi Tag
Nessun Tag, puoi essere il primo ad aggiungerne!!

MARC

LEADER 00000naa a2200000 4500
001 r013714
005 20221205080203.3
041 0 |a cze 
044 |a CZ 
245 1 0 |a Evropské křižovatky. 2.  |c Z. Dráb 
520 |a Vývoj komplexného systému sociálneho zabezpečenia v sociálnom trhovom hospodárstve, kde o.i. patrí aj regulácia a inštitúcie trhu práce. Systémovo konformná hospodárska politika. Pravidlá v politickom systéme sociálneho trhového hospodárstva. Sociálne trhové hospodárstvo ako "otvorený" systém. Časový prehľad vývoja Európskeho spoločenstva. Organizačná štruktúra. Jednotný spoločný trh ES. Hospodárska a menová únia. Politická únia a bezpečnosť. Maastrichtské dohody a problémy s ich realizáciou v praxi. 
610 2 0 |a Európske spoločenstvá 
610 2 0 |a hospodárstvo trhové 
610 2 0 |a politika sociálna 
610 2 0 |a politika hospodárska 
610 2 0 |a štruktúra organizačná 
610 2 0 |a trh vnútorný 
610 2 0 |a Maastrichtská zmluva 
610 2 0 |a únie menové 
610 2 0 |a integrácia ekonomická medzinárodná 
610 2 0 |a bezpečnosť európska 
100 1 |a Dráb, Z.